[Event "Reykjavik Open 2018"]
[Site "Reykjavik ISL"]
[Date "2018.03.12"]
[Round "7.13"]
[White "Gledura, Benjamin"]
[Black "Kavutskiy, Konstantin"]
[Result "1-0"]
[WhiteTitle "GM"]
[BlackTitle "IM"]
[WhiteElo "2632"]
[BlackElo "2383"]
[WhiteFideId "712779"]
[BlackFideId "2026384"]
[EventDate "2018.03.06"]

1. e4 c5 2. Nf3 e6 3. d4 cxd4 4. Nxd4 Nc6 5. Nc3 Qc7 6. Be3 a6 7. Qd2 Nf6 8. f4
Bb4 9. Bd3 O-O 10. a3 Be7 11. h3 d6 12. O-O Nxd4 13. Bxd4 e5 14. Be3 exf4 15.
Rxf4 Be6 16. Nd5 Bxd5 17. exd5 Nd7 18. Rc4 Qd8 19. Rb4 Qc7 20. Bf5 a5 21. Rb5
Ne5 22. Bb6 Qc4 23. a4 Bf6 24. b3 Qh4 25. Rf1 g6 26. Bf2 Qh5 27. Bd3 Bg5 28. Qe2
Qh6 29. Rxb7 f5 30. Bd4 Bf6 31. Kh1 f4 32. Qe4 Bg7 33. Be2 Rae8 34. Bb5 Rc8 35.
Bd7 Rcd8 36. Be6+ Kh8 37. Rf3 g5 38. c4 Rde8 39. c5 Rxe6 40. dxe6 g4 41. e7 Rg8
42. Rxf4 gxh3 43. g3 Qh5 44. cxd6 1-0

[Event "Reykjavik Open 2018"]
[Site "Reykjavik ISL"]
[Date "2018.03.12"]
[Round "7.14"]
[White "Fenil, Shah"]
[Black "Grigoriants, Sergey"]
[Result "0-1"]
[WhiteTitle "FM"]
[BlackTitle "GM"]
[WhiteElo "2346"]
[BlackElo "2568"]
[WhiteFideId "5019850"]
[BlackFideId "4130804"]
[EventDate "2018.03.06"]

1. d4 Nf6 2. Bf4 d5 3. e3 c5 4. c3 Nc6 5. Nd2 Bf5 6. Ngf3 Qb6 7. Qb3 c4 8. Qxb6
axb6 9. a3 b5 10. Rc1 h6 11. h3 g5 12. Bh2 Nd7 13. g4 Bg6 14. Bg2 f6 15. e4 e6
16. Ng1 Nb6 17. Ne2 O-O-O 18. f4 e5 19. dxe5 fxe5 20. Bg1 Na4 21. exd5 Ne7 22.
f5 Bf7 23. Rc2 Nxd5 24. Ne4 Be7 25. Bf2 Rd7 26. O-O Rhd8 27. Bf3 b6 28. Rd1 Bc5
29. Nxc5 bxc5 30. Rb1 Nf6 31. Be3 Bd5 32. Bxd5 Rxd5 33. b4 cxb3 34. Rxb3 c4 35.
Rb4 Rd1+ 36. Kf2 R8d5 37. Kf3 Kc7 38. Ng3 Kc6 39. Ne2 R5d3 40. Kf2 Ne4+ 41. Kf3
Naxc3 42. Nxc3 Nxc3 43. f6 Re1 0-1

[Event "Reykjavik Open 2018"]
[Site "Reykjavik ISL"]
[Date "2018.03.12"]
[Round "7.15"]
[White "Ramirez, Alejandro"]
[Black "Kvetny, Mark"]
[Result "1-0"]
[WhiteTitle "GM"]
[BlackTitle "IM"]
[WhiteElo "2568"]
[BlackElo "2408"]
[WhiteFideId "6500617"]
[BlackFideId "24603929"]
[EventDate "2018.03.06"]

1. d4 d5 2. c4 e6 3. Nc3 Nf6 4. cxd5 exd5 5. Bg5 c6 6. e3 Bf5 7. Qf3 Be6 8. Bxf6
Qxf6 9. Qxf6 gxf6 10. Bd3 Nd7 11. Nge2 Nb6 12. h3 h5 13. h4 Bd6 14. g3 Nc8 15.
f3 f5 16. Kf2 Kd7 17. b4 a6 18. Na4 Kc7 19. Rab1 b6 20. Rhc1 Kb7 21. Nc5+ bxc5
22. bxc5+ Kc7 23. cxd6+ Nxd6 24. Nf4 Ra7 25. a4 Rh6 26. Rb2 Nc8 27. a5 Ne7 28.
Rb6 Bc8 29. Be2 Bb7 30. Rb2 Bc8 31. Nd3 Rh8 32. Rb6 Bb7 33. Nc5 Nc8 34. Rcb1 Nd6
35. Bxa6 Bxa6 36. Rxa6 Rxa6 37. Nxa6+ Kd7 38. Rb6 Ra8 39. Nb8+ Ke6 40. Nxc6 Nc4
41. Rb5 Nd6 42. Rb8 Ra6 43. Rb6 Ra8 44. Ne5 Rxa5 45. Nxf7 Ra2+ 46. Kf1 Ra1+ 47.
Kg2 Ra2+ 48. Kh3 Kxf7 49. Rxd6 Rf2 50. Rxd5 Rxf3 51. Kg2 1-0

[Event "Reykjavik Open 2018"]
[Site "Reykjavik ISL"]
[Date "2018.03.12"]
[Round "7.16"]
[White "Sarkar, Justin"]
[Black "Friedel, Joshua"]
[Result "0-1"]
[WhiteTitle "IM"]
[BlackTitle "GM"]
[WhiteElo "2322"]
[BlackElo "2562"]
[WhiteFideId "2010011"]
[BlackFideId "2017199"]
[EventDate "2018.03.06"]

1. e4 e5 2. Nf3 Nc6 3. Bc4 Nf6 4. Ng5 d5 5. exd5 Na5 6. Bb5+ c6 7. dxc6 bxc6 8.
Be2 h6 9. Nh3 Bd6 10. d3 O-O 11. O-O Nd5 12. Kh1 Bxh3 13. gxh3 Qh4 14. Rg1 Bc5
15. Bd2 Nb7 16. Qf1 Qxf2 17. Qxf2 Bxf2 18. Rg2 Be3 19. c4 Bxd2 20. cxd5 Bc1 21.
Bf3 cxd5 22. Nc3 Bg5 23. Bxd5 Rab8 24. Ne4 Rfd8 25. Bc4 Nd6 26. Nxg5 hxg5 27.
Bb3 e4 28. dxe4 Nxe4 29. Re1 Nd2 30. Bc2 g6 31. b3 Rbc8 32. Bb1 Kg7 33. Rf2 Rc7
34. Kg2 Rd4 35. Rfe2 a5 36. Be4 Rxe4 37. Rxe4 Nxe4 38. Rxe4 Rc2+ 39. Kg1 Rxa2
40. Re5 Kh6 41. Re7 f5 42. Ra7 Ra3 43. Kg2 f4 44. Ra8 Ra2+ 45. Kg1 g4 46. b4
gxh3 47. Rxa5 Rg2+ 48. Kh1 Rb2 49. Kg1 g5 0-1

[Event "Reykjavik Open 2018"]
[Site "Reykjavik ISL"]
[Date "2018.03.12"]
[Round "7.17"]
[White "Moradiabadi, Elshan"]
[Black "Cummings, David H."]
[Result "1/2-1/2"]
[WhiteTitle "GM"]
[BlackTitle "IM"]
[WhiteElo "2535"]
[BlackElo "2322"]
[WhiteFideId "12501255"]
[BlackFideId "2603578"]
[EventDate "2018.03.06"]

1. d4 d5 2. Nf3 Nf6 3. e3 c5 4. dxc5 e6 5. a3 Bxc5 6. b4 Be7 7. Bb2 a5 8. b5
Nbd7 9. Nbd2 O-O 10. Be2 Nc5 11. O-O Nfe4 12. Nxe4 Nxe4 13. c4 Bf6 14. Bxf6 Qxf6
15. cxd5 Nc3 16. Qc2 Nxd5 17. Bd3 Qh6 18. Be4 Bd7 19. Bxd5 exd5 20. Qc5 Rfd8 21.
Nd4 Qg6 22. Kh1 Rac8 23. Qa7 b6 24. Rfc1 Qd6 25. h3 Rc4 26. a4 Rdc8 27. Nc6 Bxc6
28. Qxb6 Qc7 29. Qxc7 Rxc7 30. bxc6 R7xc6 31. Rcb1 1/2-1/2

[Event "Reykjavik Open 2018"]
[Site "Reykjavik ISL"]
[Date "2018.03.12"]
[Round "7.18"]
[White "Hjartarson, Johann"]
[Black "Midoux, Sebastien"]
[Result "1-0"]
[WhiteTitle "GM"]
[WhiteElo "2513"]
[BlackElo "2319"]
[WhiteFideId "2300044"]
[BlackFideId "611140"]
[EventDate "2018.03.06"]

1. d4 Nf6 2. c4 g6 3. Nc3 d5 4. Nf3 Bg7 5. e3 O-O 6. cxd5 Nxd5 7. Bc4 Nb6 8. Bb3
c5 9. O-O cxd4 10. exd4 Bg4 11. d5 N8d7 12. h3 Bxf3 13. Qxf3 Nf6 14. Re1 Nc8 15.
Bf4 a6 16. Re2 Nd6 17. g4 Qd7 18. Rae1 Rae8 19. Be5 h5 20. Qg3 hxg4 21. hxg4 Nh7
22. f3 Bxe5 23. Rxe5 Kg7 24. R1e2 Rh8 25. Qe1 Nf6 26. Rxe7 Rxe7 27. Rxe7 Qc8 28.
Qe5 Qc5+ 29. Kg2 Kf8 30. Qxf6 Rh2+ 31. Kxh2 Qf2+ 32. Kh3 Qf1+ 33. Kh4 Qh1+ 34.
Kg5 Qc1+ 35. f4 1-0

[Event "Reykjavik Open 2018"]
[Site "Reykjavik ISL"]
[Date "2018.03.12"]
[Round "7.19"]
[White "Kumar, Nikhil"]
[Black "Perelshteyn, Eugene"]
[Result "0-1"]
[WhiteTitle "FM"]
[BlackTitle "GM"]
[WhiteElo "2277"]
[BlackElo "2513"]
[WhiteFideId "30909040"]
[BlackFideId "2012529"]
[EventDate "2018.03.06"]

1. d4 Nf6 2. Nf3 g6 3. Bf4 Bg7 4. e3 O-O 5. Be2 c5 6. c3 Qb6 7. Qb3 d6 8. h3 Be6
9. Qxb6 axb6 10. a3 Bd5 11. Nbd2 Bc6 12. O-O Nbd7 13. Bh2 b5 14. Bd3 Nb6 15. e4
Na4 16. Rab1 Rfd8 17. Bc2 Ne8 18. Rfe1 e5 19. dxe5 dxe5 20. c4 f6 21. g4 h6 22.
cxb5 Bxb5 23. Bb3+ Kh7 24. g5 hxg5 25. Bxe5 Rxd2 26. Bxf6 Rd3 27. Nxg5+ Kh8 28.
Bxg7+ Nxg7 29. Bd5 Nh5 30. Bxb7 Rb8 31. Bd5 Nf4 32. Re3 Rxe3 33. fxe3 Bd3 34.
Rd1 Nxb2 35. Rd2 Nxd5 36. exd5 c4 37. Nf7+ Kg7 38. Ne5 c3 39. Rf2 Rf8 40. d6 c2
41. Nxd3 Rxf2 0-1

[Event "Reykjavik Open 2018"]
[Site "Reykjavik ISL"]
[Date "2018.03.12"]
[Round "7.20"]
[White "Hamitevici, Vladimir"]
[Black "Der Manuelian, Haik"]
[Result "1-0"]
[WhiteTitle "GM"]
[WhiteElo "2512"]
[BlackElo "2279"]
[WhiteFideId "13902393"]
[BlackFideId "2084015"]
[EventDate "2018.03.06"]

1. c4 e6 2. Nf3 d5 3. e3 Nf6 4. b3 Be7 5. Bb2 O-O 6. Nc3 c5 7. cxd5 exd5 8. d4
Nc6 9. Bb5 Bg4 10. Bxc6 bxc6 11. dxc5 Bxc5 12. O-O Qe7 13. h3 Bd7 14. Rc1 Bd6
15. Qd4 Rfc8 16. Rfe1 Bf5 17. Red1 Rab8 18. Qh4 Re8 19. Na4 Rbc8 20. Qg5 Bg6 21.
Nh4 Ba3 22. Nf5 Bxf5 23. Qxf5 Bxb2 24. Nxb2 Ne4 25. Nd3 Qd6 26. b4 Ra8 27. Qf4
Qe6 28. Nc5 Nxc5 29. Rxc5 g6 30. Qd4 Qd6 31. Qc3 Rab8 32. a3 Rb6 33. Rc1 Re6 34.
Ra5 Qd7 35. Rc5 Rd6 36. Qd4 Rb5 37. g4 Rxc5 38. Rxc5 Re6 39. b5 cxb5 40. Rxd5
Qc6 41. Rd8+ Re8 42. Rxe8+ Qxe8 43. Qxa7 h6 44. Qc5 Qa8 45. Qe7 Qd5 46. Qb4 Qc6
47. e4 Kg7 48. Qd4+ Kg8 49. Qe3 g5 50. Kg2 Qc4 51. h4 f6 52. h5 b4 53. axb4 Qxb4
54. Qf3 Qd4 55. Qf5 Kf7 56. Qd5+ 1-0

[Event "Reykjavik Open 2018"]
[Site "Reykjavik ISL"]
[Date "2018.03.12"]
[Round "7.21"]
[White "Doluhanova, Evgeniya"]
[Black "Kveinys, Aloyzas"]
[Result "0-1"]
[WhiteTitle "WGM"]
[BlackTitle "GM"]
[WhiteElo "2275"]
[BlackElo "2511"]
[WhiteFideId "14112035"]
[BlackFideId "12800040"]
[EventDate "2018.03.06"]

1. e4 Nf6 2. e5 Nd5 3. d4 d6 4. Nf3 dxe5 5. Nxe5 c6 6. c4 Nf6 7. Be2 Bf5 8. Nc3
Nbd7 9. Bf4 Nxe5 10. Bxe5 e6 11. O-O Be7 12. d5 exd5 13. cxd5 cxd5 14. Bb5+ Kf8
15. Qd4 Be6 16. Rac1 h5 17. Ne2 Qa5 18. a4 a6 19. Bd3 Ne8 20. Nf4 Rh6 21. Rc7 b6
22. Rb7 Bc5 23. Nxe6+ Rxe6 24. Qf4 Re7 25. Rxe7 Bxe7 26. Bc3 Qc5 27. Re1 Qd6 28.
Qf5 Nf6 29. g3 a5 30. Qe5 Qd7 0-1

[Event "Reykjavik Open 2018"]
[Site "Reykjavik ISL"]
[Date "2018.03.12"]
[Round "7.22"]
[White "Christiansen, Johan-Sebastian"]
[Black "Soham, Das"]
[Result "1-0"]
[WhiteTitle "IM"]
[WhiteElo "2486"]
[BlackElo "2275"]
[WhiteFideId "1512668"]
[BlackFideId "35026763"]
[EventDate "2018.03.06"]

1. e4 c6 2. Nc3 d5 3. d4 dxe4 4. Nxe4 Bf5 5. Ng3 Bg6 6. h4 h6 7. Nf3 e6 8. Ne5
Bh7 9. Bd3 Bxd3 10. Qxd3 Nd7 11. Bf4 Nxe5 12. Bxe5 Nf6 13. O-O-O Qa5 14. Kb1
O-O-O 15. Rhe1 Bd6 16. f4 Kb8 17. Qf3 Ka8 18. a3 Qd5 19. Qf1 Qb5 20. Rd3 c5 21.
dxc5 Qxc5 22. Red1 Be7 23. Bd4 Qc7 24. Qf2 b6 25. f5 e5 26. Bc3 Bc5 27. Qf3+ e4
28. Nxe4 Rxd3 29. Rxd3 Qc6 30. Bxf6 gxf6 31. b4 Be7 32. Rc3 Qd5 33. Rc7 Re8 34.
c4 1-0

[Event "Reykjavik Open 2018"]
[Site "Reykjavik ISL"]
[Date "2018.03.12"]
[Round "7.23"]
[White "Mohota, Nisha"]
[Black "Bartholomew, John"]
[Result "1-0"]
[WhiteTitle "IM"]
[BlackTitle "IM"]
[WhiteElo "2272"]
[BlackElo "2477"]
[WhiteFideId "5004330"]
[BlackFideId "2019353"]
[EventDate "2018.03.06"]

1. d4 g6 2. e4 Bg7 3. Nc3 c6 4. Nf3 d6 5. Be2 Nf6 6. O-O O-O 7. a4 Qc7 8. h3
Nbd7 9. Re1 e5 10. dxe5 dxe5 11. Bc4 Nc5 12. Qe2 Nh5 13. Be3 Ne6 14. Rad1 Qe7
15. g3 Qb4 16. Bb3 Nd4 17. Bxd4 exd4 18. Na2 Qb6 19. e5 c5 20. Kh2 Be6 21. Bxe6
fxe6 22. b3 Qc6 23. Nh4 Bh6 24. Nc1 Bg5 25. Ng2 Bxc1 26. Rxc1 Rf3 27. Nh4 Rc3
28. Rcd1 Rf8 29. Rd3 c4 30. Rxc3 dxc3 31. bxc4 Qxa4 32. Rb1 b6 33. Rb3 Qa1 34.
Kg2 Rd8 35. c5 bxc5 36. Qc4 Rd5 37. Rb8+ Kg7 38. Rb7+ Kh6 39. Qe4 Qc1 40. Rxh7+
Kxh7 41. Qxg6+ Kh8 42. Qxh5+ Kg7 43. Qg6+ Kf8 44. Qf6+ Kg8 45. Qxe6+ Kf8 46.
Qxd5 Qxc2 47. e6 Qd2 48. Qf5+ Ke7 49. Qf7+ Kd6 50. Qd7+ Ke5 1-0

[Event "Reykjavik Open 2018"]
[Site "Reykjavik ISL"]
[Date "2018.03.12"]
[Round "7.24"]
[White "Sundararajan, Kidambi"]
[Black "Birkisson, Bardur Orn"]
[Result "1-0"]
[WhiteTitle "GM"]
[BlackTitle "CM"]
[WhiteElo "2427"]
[BlackElo "2212"]
[WhiteFideId "5005370"]
[BlackFideId "2310597"]
[EventDate "2018.03.06"]

1. c4 Nf6 2. Nc3 e6 3. d4 Bb4 4. e3 O-O 5. Bd2 d5 6. Nf3 b6 7. cxd5 exd5 8. Rc1
c5 9. a3 Ba5 10. Be2 Bg4 11. O-O Ne4 12. dxc5 bxc5 13. Nxe4 dxe4 14. Bxa5 Qxa5
15. Ng5 Bxe2 16. Qxe2 Qa6 17. Qh5 Qg6 18. Qxg6 hxg6 19. Nxe4 Na6 20. Nxc5 Nxc5
21. Rxc5 Rfd8 22. Rfc1 Rab8 23. b4 Rd3 24. R5c3 Rd2 25. Rc8+ Rxc8 26. Rxc8+ Kh7
27. h4 Rd3 28. Rc7 Rxa3 29. Rxf7 a5 30. bxa5 Rxa5 31. Kh2 Ra4 32. Kg3 Rb4 33.
Rf4 Rb5 34. Rf8 g5 35. hxg5 Rxg5+ 36. Kf3 Ra5 37. Kg4 g6 38. f4 1-0

[Event "Reykjavik Open 2018"]
[Site "Reykjavik ISL"]
[Date "2018.03.12"]
[Round "7.25"]
[White "Nebolsina, Vera"]
[Black "Thorhallsson, Throstur"]
[Result "0-1"]
[WhiteTitle "WGM"]
[BlackTitle "GM"]
[WhiteElo "2211"]
[BlackElo "2419"]
[WhiteFideId "4163591"]
[BlackFideId "2300109"]
[EventDate "2018.03.06"]

1. e4 c5 2. c3 d5 3. exd5 Qxd5 4. d4 Nf6 5. Nf3 Bg4 6. Nbd2 e6 7. Qa4+ Nbd7 8.
Bc4 Qd6 9. Bb5 Bxf3 10. Nxf3 cxd4 11. O-O a6 12. Rd1 Rd8 13. Be2 Qc7 14. Qxd4
Bc5 15. Qh4 O-O 16. Bf4 e5 17. Bg3 h6 18. Nd4 Qb6 19. Nf5 Qe6 20. Qh3 Kh7 21. b4
Be7 22. Bd3 Kh8 23. Bc2 Nb6 24. Bb3 Nbd5 25. Re1 e4 26. Rad1 Rfe8 27. Rd4 Bf8
28. Red1 b5 29. Bh4 Nf4 30. Bxe6 Nxh3+ 31. gxh3 Rxd4 32. Rxd4 fxe6 33. Ne3 e5
34. Rd1 Rc8 35. Bxf6 gxf6 36. Nd5 Kg7 37. a4 Rd8 38. axb5 axb5 39. Kf1 Kf7 40.
Ke2 Rc8 41. Kd2 Ke6 42. Kc2 f5 43. Kb3 Rc6 44. Ne3 f4 45. Nc2 Be7 46. Re1 Kf5
47. Rd1 Bh4 48. Rf1 Rd6 49. Na3 Rd2 50. c4 Bxf2 51. c5 Rd3+ 52. Kb2 e3 53. Nxb5
e2 0-1

[Event "Reykjavik Open 2018"]
[Site "Reykjavik ISL"]
[Date "2018.03.12"]
[Round "7.26"]
[White "Norowitz, Yaacov"]
[Black "Navalgund, Niranjan"]
[Result "1/2-1/2"]
[WhiteTitle "IM"]
[WhiteElo "2412"]
[BlackElo "2275"]
[WhiteFideId "2024799"]
[BlackFideId "5030854"]
[EventDate "2018.03.06"]

1. d4 Nf6 2. Nf3 e6 3. Bg5 c5 4. c3 h6 5. Bh4 b6 6. Nbd2 Bb7 7. e3 Be7 8. Bd3
Nc6 9. Qe2 d5 10. O-O O-O 11. Rad1 Ne4 12. Bxe7 Nxe7 13. Bb1 Nxd2 14. Rxd2 Qc7
15. Ne5 f6 16. Nf3 Rae8 17. e4 dxe4 18. Bxe4 Nd5 19. Re1 c4 20. g3 Qc6 21. Nh4
b5 22. Qh5 f5 23. Bg2 Qd7 24. Ng6 Qf7 25. Bxd5 Bxd5 26. Rde2 Rb8 27. Re5 Rfe8
28. h4 Rbd8 29. a3 a6 30. R1e3 Rd6 31. f3 Rb8 32. Nf4 Qxh5 33. Nxh5 Rbb6 34. g4
fxg4 35. fxg4 Rb7 36. g5 Rf7 37. Rg3 hxg5 38. hxg5 Rf5 39. Rxf5 exf5 40. Kf2 Bc6
41. Nf4 Be4 42. Rg1 a5 43. d5 Rd7 44. Rd1 Kf7 45. Ke3 Ke7 46. a4 Kd6 47. Kd4 Re7
48. Re1 bxa4 49. Re2 Re8 50. Nh5 Re5 51. Nf4 Re8 52. Kxc4 Bxd5+ 53. Kd4 Be4 54.
Nh5 Rh8 55. Nxg7 Rg8 56. Nh5 Rxg5 57. Nf6 Bc6 58. c4 Rg6 59. c5+ Kc7 60. Re7+
Kc8 61. Ke5 f4 62. Rf7 f3 63. Kd6 Be8 64. Rf8 Kb7 65. Ke5 Bc6 66. Ne4 Rg4 67.
Nd6+ Ka6 68. Rc8 Rg5+ 69. Kd4 Bb7 70. Nxb7 Kxb7 71. Rf8 Rg2 72. Rf7+ Kc6 73.
Rf6+ Kc7 74. Rf7+ Kc6 75. Rf6+ Kc7 1/2-1/2

[Event "Reykjavik Open 2018"]
[Site "Reykjavik ISL"]
[Date "2018.03.12"]
[Round "7.27"]
[White "Ingebretsen, Jens E"]
[Black "Loiseau, Quentin"]
[Result "0-1"]
[BlackTitle "IM"]
[WhiteElo "2132"]
[BlackElo "2427"]
[WhiteFideId "1522965"]
[BlackFideId "665274"]
[EventDate "2018.03.06"]

1. e4 e5 2. Nf3 Nc6 3. Bc4 Nf6 4. d3 h6 5. Nc3 Bb4 6. Bd2 d6 7. Ne2 Bxd2+ 8.
Qxd2 Nh5 9. h3 g5 10. O-O-O Qf6 11. Nc3 Nf4 12. d4 Nxg2 13. Nd5 Qxf3 14. Nxc7+
Kd8 15. dxe5 Qf4 16. Nxa8 Nxe5 17. Bd5 Be6 18. Rhg1 Bxd5 19. Rxg2 Bxe4 20. Qxf4
gxf4 21. Rg7 Kd7 22. Rd4 Bg6 23. Rxf4 Rxa8 24. Rh4 h5 25. Rb4 Ke6 26. f4 Nc6 27.
Rxb7 Ne7 28. b4 Kf6 29. Rxg6+ Nxg6 30. a4 Nxf4 31. b5 Nxh3 32. a5 Nf2 33. Rc7
Ne4 34. Rc4 Ke5 35. Rc7 Ke6 36. Rc4 d5 37. Rc6+ Nd6 38. Kd1 h4 39. Ke2 h3 40.
Rc3 Rh8 0-1

[Event "Reykjavik Open 2018"]
[Site "Reykjavik ISL"]
[Date "2018.03.12"]
[Round "7.28"]
[White "Pigott, John C"]
[Black "Buscar, Michael"]
[Result "1-0"]
[WhiteTitle "IM"]
[WhiteElo "2403"]
[BlackElo "2099"]
[WhiteFideId "400459"]
[BlackFideId "2603616"]
[EventDate "2018.03.06"]

1. e4 e5 2. Nf3 Nf6 3. Nxe5 d6 4. Nf3 Nxe4 5. c4 c6 6. Nc3 Nf6 7. d4 Be7 8. h3
O-O 9. Bd3 Nbd7 10. O-O Re8 11. Bf4 Nf8 12. Qd2 Ne6 13. Bh2 g6 14. d5 Ng7 15.
dxc6 bxc6 16. Rad1 Bb7 17. Bc2 d5 18. cxd5 Nxd5 19. Bb3 Bf6 20. Qc2 Ne6 21. Ne4
Be7 22. Ne5 Qc8 23. Nc4 Nb4 24. Qd2 c5 25. Ncd6 Bxd6 26. Nf6+ Kg7 27. Nxe8+ Qxe8
28. Qxd6 Qc6 29. Qxc6 Bxc6 30. a3 Na6 31. Rd6 Bb5 32. Rc1 Nac7 33. Rd2 Rc8 34.
Rdc2 Kf6 35. Bxc7 Rxc7 36. Bxe6 Kxe6 37. Rxc5 Rb7 38. Rc7 1-0

[Event "Reykjavik Open 2018"]
[Site "Reykjavik ISL"]
[Date "2018.03.12"]
[Round "7.29"]
[White "Thorfinnsson, Bjorn"]
[Black "Grant, David J"]
[Result "1/2-1/2"]
[WhiteTitle "IM"]
[WhiteElo "2399"]
[BlackElo "2068"]
[WhiteFideId "2300982"]
[BlackFideId "403717"]
[EventDate "2018.03.06"]

1. Nf3 Nf6 2. g3 g6 3. Bg2 Bg7 4. O-O O-O 5. c4 d6 6. d4 Nc6 7. Nc3 a6 8. e4 Bg4
9. Be3 Re8 10. Qb3 Rb8 11. d5 Na5 12. Qa4 c5 13. e5 b5 14. cxb5 axb5 15. Qf4
Bxf3 16. Qxf3 dxe5 17. Bxc5 b4 18. Ne4 Nxd5 19. Ng5 Nf6 20. Rfd1 Qc8 21. Rac1
Qf5 22. Qxf5 gxf5 23. Ba7 Rbc8 24. b3 h6 25. Nf3 Ne4 26. Bb6 Nc6 27. Rc4 Nc3 28.
Rd7 e4 29. Nh4 e6 30. Rb7 Nxa2 31. f3 Nc3 32. fxe4 Nxe4 33. Bxe4 fxe4 34. Rxe4
Re7 35. Rxe7 Nxe7 36. Ba5 Nd5 37. Bxb4 Rb8 38. Bd6 Rxb3 39. Ra4 Rc3 40. Kg2 Rc6
41. Bb8 Rb6 42. Ba7 Rb7 43. Bd4 Bxd4 44. Rxd4 Rb4 45. Rd2 Rc4 46. Nf5 Kh7 47.
Kf2 Nf6 48. Nd6 Rc6 49. Kg2 Kg6 50. Kh3 Nd5 51. Ne4 f5 52. Nf2 Rc3 53. Nd3 Kg5
54. Kg2 Ne3+ 55. Kg1 Rc2 56. Rxc2 Nxc2 57. Kf2 Nd4 58. Ke3 Nc6 59. h3 e5 60. Nc5
h5 61. Nd7 f4+ 62. gxf4+ exf4+ 63. Ke4 Kh4 64. Nf6 Kxh3 65. Nxh5 Kg4 1/2-1/2

[Event "Reykjavik Open 2018"]
[Site "Reykjavik ISL"]
[Date "2018.03.12"]
[Round "7.31"]
[White "Unuk, Laura"]
[Black "Thorhallsson, Simon"]
[Result "1-0"]
[WhiteTitle "WIM"]
[WhiteElo "2346"]
[BlackElo "2060"]
[WhiteFideId "14609215"]
[BlackFideId "2310090"]
[EventDate "2018.03.06"]

1. d4 Nf6 2. c4 g6 3. Nf3 Bg7 4. g3 O-O 5. Bg2 d6 6. O-O Nc6 7. Nc3 a6 8. b3 Rb8
9. Nd5 e6 10. Nxf6+ Qxf6 11. Bg5 Qf5 12. Qd2 e5 13. d5 Nd8 14. Rac1 f6 15. Be3
Qh5 16. c5 Nf7 17. Rc4 g5 18. Qa5 b6 19. cxb6 cxb6 20. Bxb6 f5 21. e3 e4 22. Nd4
Ne5 23. Rc7 f4 24. Rfc1 fxe3 25. fxe3 Nf3+ 26. Bxf3 exf3 27. R7c2 f2+ 28. Rxf2
Rxf2 29. Kxf2 Qxh2+ 30. Ke1 Bxd4 31. Bxd4 Bg4 32. Qxa6 Qg1+ 33. Qf1 Qxg3+ 34.
Qf2 Qh3 35. Rc7 Qh1+ 36. Qf1 Qh4+ 37. Kd2 Qh2+ 38. Kc3 Rc8 39. Qf7# 1-0

[Event "Reykjavik Open 2018"]
[Site "Reykjavik ISL"]
[Date "2018.03.12"]
[Round "7.32"]
[White "Bisby, Daniel L"]
[Black "Yu, Henry"]
[Result "1-0"]
[WhiteTitle "FM"]
[WhiteElo "2339"]
[BlackElo "2051"]
[WhiteFideId "404586"]
[BlackFideId "30942683"]
[EventDate "2018.03.06"]

1. e4 e6 2. d3 d5 3. Nd2 c5 4. Ngf3 Nc6 5. g3 Bd6 6. Bg2 Nge7 7. O-O O-O 8. Re1
Qc7 9. c3 Bd7 10. Qe2 f6 11. a3 a5 12. a4 Rab8 13. h4 e5 14. exd5 Nxd5 15. Nc4
Rfe8 16. Ng5 Nxc3 17. bxc3 fxg5 18. Bxg5 Be6 19. Rab1 Bf7 20. Be4 Ne7 21. Bd2
Bg6 22. Kg2 b6 23. Rh1 Qd8 24. Bxg6 hxg6 25. Qe4 Bc7 26. Ne3 Qd7 27. Qc4+ 1-0

[Event "Reykjavik Open 2018"]
[Site "Reykjavik ISL"]
[Date "2018.03.12"]
[Round "7.33"]
[White "Cumming, Rhys"]
[Black "Foisor, Sabina-Francesca"]
[Result "1-0"]
[BlackTitle "WGM"]
[WhiteElo "2155"]
[BlackElo "2326"]
[WhiteFideId "470163"]
[BlackFideId "1212915"]
[EventDate "2018.03.06"]

1. e4 e5 2. Nf3 Nc6 3. Bc4 Bc5 4. O-O Nf6 5. d3 a6 6. c3 Ba7 7. Bb3 d6 8. Re1 h6
9. Nbd2 Ng4 10. Re2 Ne7 11. Nf1 Ng6 12. h3 Nf6 13. d4 Bd7 14. Be3 O-O 15. dxe5
dxe5 16. Rd2 Qc8 17. Bxa7 Rxa7 18. Ng3 c5 19. a4 c4 20. Bc2 b6 21. Nf5 Qc5 22.
N3h4 Kh7 23. Qf3 Nf4 24. Ne3 g6 25. Kh2 Kg7 26. Rad1 Be6 27. Nd5 Bxd5 28. exd5
Nd3 29. Bxd3 cxd3 30. Qxd3 Rd8 31. Qg3 e4 32. Nf5+ Kh7 33. Qe5 gxf5 34. Qxf6
Qd6+ 35. Qxd6 Rxd6 36. c4 Rc7 37. Rd4 b5 38. cxb5 axb5 39. a5 Kg6 40. Kg3 Kg5
41. h4+ Kf6 42. Kf4 Rc2 43. R1d2 Rc8 44. g4 fxg4 45. Kxg4 Ra6 46. b4 Rd6 47. Kf4
h5 48. f3 exf3 49. Kxf3 Rc3+ 50. R2d3 Rc1 51. Re3 Rf1+ 52. Ke4 Ke7 53. Re2 Rg6
54. d6+ Kd7 55. Ke3 Re6+ 56. Kd2 1-0

[Event "Reykjavik Open 2018"]
[Site "Reykjavik ISL"]
[Date "2018.03.12"]
[Round "7.34"]
[White "Thorsteinsson, Thorsteinn"]
[Black "Carlsen, Henrik"]
[Result "1/2-1/2"]
[WhiteTitle "FM"]
[WhiteElo "2317"]
[BlackElo "2031"]
[WhiteFideId "2300281"]
[BlackFideId "1502832"]
[EventDate "2018.03.06"]

1. d4 d5 2. c4 e6 3. Nf3 Nf6 4. Nc3 Bb4 5. Bg5 c6 6. Qb3 Qa5 7. Bxf6 dxc4 8.
Qxc4 gxf6 9. a3 Be7 10. g3 b5 11. Qa2 b4 12. axb4 Qxa2 13. Nxa2 a5 14. Nc3 Bxb4
15. Bg2 Ba6 16. Nd2 Ke7 17. Na2 Bd6 18. Nc3 Bb4 19. Na2 Bd6 20. Nc3 Bb4 1/2-1/2

[Event "Reykjavik Open 2018"]
[Site "Reykjavik ISL"]
[Date "2018.03.12"]
[Round "7.35"]
[White "Bewersdorff, Oliver"]
[Black "Thurlow, Kevin J"]
[Result "1/2-1/2"]
[WhiteTitle "FM"]
[BlackTitle "CM"]
[WhiteElo "2312"]
[BlackElo "1999"]
[WhiteFideId "4602897"]
[BlackFideId "406104"]
[EventDate "2018.03.06"]

1. c4 Nf6 2. g3 e6 3. Bg2 d5 4. Nf3 Bd6 5. O-O O-O 6. d4 c6 7. Nfd2 Nbd7 8. Nc3
Re8 9. e4 e5 10. cxd5 exd4 11. Nc4 Bc5 12. dxc6 dxc3 13. cxd7 Qxd7 14. Qc2 Qe6
15. b3 Nxe4 16. Bf4 Nxf2 17. Rxf2 Qe2 18. Ne3 Rxe3 19. Bxe3 Qxc2 20. Rxc2 Bxe3+
21. Kf1 Bf5 22. Rxc3 Bd4 23. Rac1 Bxc3 24. Rxc3 Rc8 25. Re3 Kf8 26. Bxb7 Rc2 27.
a3 Rxh2 28. Re5 Bd3+ 29. Kg1 Rh6 30. b4 Rb6 31. Ba8 f5 32. Rc5 Ra6 33. Rc3 Be4
34. Bxe4 fxe4 35. Kf2 Ke7 36. Ke3 Kd7 37. Kxe4 h6 38. Kf5 Rf6+ 39. Ke5 Re6+ 40.
Kf5 Rf6+ 1/2-1/2